00528 a2200145 4500020001800000050001800018100002700036245007200063264009500135300001200230500006000242650002500302650002800327700002700355 a9780195216035 aHC79 VOI 2002 aNarayan, Deepaeeditor aVoices of the poor from many lands /cDeepa Narayan & Patti Petesch aWashington, D. C. :bA copublication of Oxford University Press and the World Bank,c2002. a509p. : a"World Bank"--Cover Includes bibliographical references aPoor -- Case studies aPoverty -- Case studies aPetesch, Pattieeditor